ile policzysz w 20 sekund? - Statystyki

Ogólne statystyki
  • Ten quiz został rozwiązany 224 razy
  • Średni wynik to 28 z 102
Statystyki odpowiedzi
Odpowiedź % Poprawnych
1
99%
2
98%
3
94%
4
94%
7
93%
5
92%
6
92%
8
89%
9
88%
11
80%
12
80%
10
78%
13
75%
14
75%
15
74%
16
72%
17
70%
18
70%
19
68%
21
68%
20
64%
23
64%
22
62%
24
57%
25
55%
26
53%
27
49%
28
49%
29
47%
30
40%
32
40%
31
39%
33
33%
34
32%
35
32%
37
29%
38
29%
36
27%
39
27%
40
21%
45
20%
43
19%
41
18%
42
18%
44
15%
49
12%
46
11%
47
11%
48
10%
50
9%
51
8%
56
8%
52
7%
67
6%
53
5%
54
5%
61
5%
70
5%
89
5%
55
4%
57
4%
62
4%
66
4%
73
4%
78
4%
58
3%
59
3%
60
3%
63
3%
71
3%
82
3%
83
3%
90
3%
64
2%
65
2%
68
2%
72
2%
74
2%
76
2%
80
2%
81
2%
86
2%
91
2%
92
2%
97
2%
98
2%
99
2%
101
1%
69
1%
75
1%
85
1%
88
1%
93
1%
100
0%
77
0%
79
0%
84
0%
87
0%
94
0%
95
0%
96
0%
Nie znaleziono quizów pasujących do podanych kryteriów
Rozkład punktacji
Procent ludzi z każdym wynikiem
Percentyl według liczby udzielonych odpowiedzi
Twoja historia wyników
Nie rozwiązałeś tego quizu